MARC

LEADER 00000nam0a2200000 4500
001 317432
005 20231102002956.0
035 |a (RuTPU)RU\TPU\book\342900 
090 |a 317432 
100 |a 20160408d1899 km y0rusy50 ca 
101 0 |a rus 
102 |a RU 
105 |a a z 000zy 
200 1 |a Ископаемые слоны  |f М. Павлова 
210 |a Санкт-Петербург  |c Типография И. Н. Скороходова  |d 1899 
215 |a 66 с.  |c ил. 
606 1 |a Слоны ископаемые  |2 stltpush  |3 (RuTPU)RU\TPU\subj\55221  |9 73281 
610 1 |a палеобиология 
610 1 |a палеозоология 
610 1 |a животные ископаемые 
610 1 |a животные остатки 
610 1 |a мамонты 
675 |a 569.6  |v 3 
700 1 |a Павлова  |b М.  |g Мария 
801 1 |a RU  |b 63413507  |c 20160408 
801 2 |a RU  |b 63413507  |c 20200611  |g RCR 
942 |c BK